=LDR 00000nam 2200000 4500 =001 INLIS000000000013535 =005 20250320085441 =035 ##$$a 0010-061300000013535 =008 250320################d##########0#ind## =041 ##$$a Ind =082 ##$$a 028.55 =090 ##$$a 028.55, mus k =100 ##$$a Mustamu, Anaace Firdinandus =245 1#$$a Keluarga pak laban, Anaatje Pirdinandus Mustamu =260 ##$$a Bandung :$b CV. ROSDA,$c 1999 =300 ##$$a 53 hlm : $b ilus ; $c 21 x 15 cm =650 #4$$a Bacaan kanak - kanak =850 ##$$a NBPNMAT =020 ##$$a 979-514-677-7 =084 ##$$a 028.55 MUS k =990 ##$$a 03430343 =990 ##$$a 10406724 =990 ##$$a 10406724 =990 ##$$a 10406724 =990 ##$$a 10406724 =990 ##$$a 08780878 =990 ##$$a 10406726 =990 ##$$a 10406724